Places in Yakko's World that are not actual countries - Statistics

General Stats
  • This quiz has been taken 104 times
  • The average score is 23 of 31
Answer Stats
Hint Answer % Correct
Arctic autonomous country of Denmark Greenland
96%
Territory of the United States and a large military base Guam
91%
Territory of the United States located in answer number one Puerto Rico
90%
Former country that split in two in 1993 Czechoslovakia
85%
South American overseas department of France French Guiana
85%
Country within the United Kingdom where "Macbeth" takes place Scotland
85%
Another country within the United Kingdom where Wembley Stadium is located England
84%
Capital and largest city of number three San Juan
84%
Capital of Algeria Algiers
82%
Former name of Myanmar, sometimes used interchangeably Burma
82%
Asian island split between three nations, one of which is Brunei Borneo
81%
Sea where the islands of St. Croix and Anguilla are located Caribbean
81%
Region of China where Mt. Everest is located Tibet
81%
British overseas territory in Atlantic ocean Bermuda
78%
Entire continent where the above is located Asia
76%
Peninsula separated at the 38th parallel Korea
76%
Island that contains two countries, one of Asia and one of Oceania New Guinea
76%
Indonesian island where Medan is Sumatra
73%
Former name of Eswatini Swaziland
72%
Former Balkan country that broke up in 1991 Yugoslavia
72%
Former name of Benin Dahomey
69%
Chinese territory formerly owned by the United Kingdom Hong Kong
69%
Former name of Cambodia Kampuchea
69%
Vampiric region of Romania Transylvania
66%
Capital of the United Arab Emirates Abu Dhabi
64%
Former name of the Democratic Republic of the Congo Zaire
64%
In the Middle East, recognized by 138 countries Palestine
63%
Island that is a part of the country known as the birthplace of the limbo Tobago
63%
Largest island of Greece Crete
61%
British overseas territory with a capital of George Town and a reputation as a tax haven Cayman
52%
Main island of the French overseas region of Mayotte Mahore
39%
No matching quizzes found
Score Distribution
Percent of People with Each Score
Percentile by Number Answered
Your Score History
You have not taken this quiz